书目信息 |
| 题名: |
新型地坪材料实用技术手册
|
|
| 作者: | 杨永起 , 杨永起 主编 ;中国建筑材料联合会地坪材料分会 , 国家建筑材料测试中心 , 中国建筑材料联合会地坪材料分会 , 国家建筑材料测试中心组 编 | |
| 分册: | ||
| 出版信息: | 北京 中国计量出版社 2007.11 |
|
| 页数: | 251页 | |
| 开本: | 26cm | |
| 丛书名: | ||
| 单 册: | ||
| 中图分类: | TU235 | |
| 科图分类: | ||
| 主题词: | 地坪--Di Ping--工程施工--技术手册 | |
| 电子资源: | ||
| ISBN: | 978-7-5026-2729-4 | |
| 000 | 01804nam0 2200337 450 | |
| 001 | CAL 012008014603 | |
| 005 | 20110302172304.03 | |
| 010 | @a978-7-5026-2729-4@dCNY56.00 | |
| 092 | @aCN@b人天310-2371 | |
| 099 | @aCAL 012008014603 | |
| 100 | @a20080222d2007 ekmy0chiy50 ea | |
| 101 | 0 | @achi |
| 102 | @aCN@b210000 | |
| 105 | @aak a 000yy | |
| 200 | 1 | @a新型地坪材料实用技术手册@AXin Xing Di Ping Cai Liao Shi Yong Ji Shu Shou Ce@f杨永起主编@Fyang yong qi zhu bian@g中国建筑材料联合会地坪材料分会, 国家建筑材料测试中心组编@Gzhong guo jian zhu cai liao lian he hui di ping cai liao fen hui,guo jia jian zhu cai liao ce shi zhong xin zu bian |
| 210 | @a北京@c中国计量出版社@d2007.11 | |
| 215 | @a251页@c图@d26cm | |
| 320 | @a有书目 | |
| 330 | @a本书是地坪行业专业施工实用性图书,同时也是建材行业职业技能鉴定指导的培训教材。全书共分九章,内容涵盖了地坪材料、机械、施工及检测等各个方面,主要内容包括:建筑识图与建筑结构、建筑施工用材料、地面施工机具和设备、地坪工程施工、建筑地面工程质量管理和施工组织设计、地面工程施工质量检验和验收、地坪施工质量问题及对策、建筑地坪工程施工安全技术、国内外地坪技术展望及附录。 | |
| 333 | @a地坪行业从业人员 | |
| 606 | 0 | @a地坪@ADi Ping@x工程施工@j技术手册 |
| 690 | @aTU235@v4 | |
| 701 | 0 | @a杨永起@AYang Yong Qi@4主编 |
| 701 | 0 | @a杨永起@Ayang yong qi@4主编 |
| 712 | 02 | @a中国建筑材料联合会地坪材料分会@AZhong Guo Jian Zhu Cai Liao Lian He Hui Di Ping Cai Liao Fen Hui@4编 |
| 712 | 02 | @a国家建筑材料测试中心@AGuo Jia Jian Zhu Cai Liao Ce Shi Zhong Xin@4编 |
| 712 | 02 | @a中国建筑材料联合会地坪材料分会@Azhong guo jian zhu cai liao lian he hui di ping cai liao fen hui@4编 |
| 712 | 02 | @a国家建筑材料测试中心组@Aguo jia jian zhu cai liao ce shi zhong xin zu@4编 |
| 801 | 0 | @aCN@bHPUL@c20110302 |
| 905 | @aZUCC@dTU235@eY320@f3 | |
| 998 | @aHBG | |
| 新型地坪材料实用技术手册/杨永起主编/中国建筑材料联合会地坪材料分会, 国家建筑材料测试中心组编.-北京:中国计量出版社,2007.11 |
| 251页:图;26cm |
| 使用对象:地坪行业从业人员 |
| ISBN 978-7-5026-2729-4:CNY56.00 |
| 本书是地坪行业专业施工实用性图书,同时也是建材行业职业技能鉴定指导的培训教材。全书共分九章,内容涵盖了地坪材料、机械、施工及检测等各个方面,主要内容包括:建筑识图与建筑结构、建筑施工用材料、地面施工机具和设备、地坪工程施工、建筑地面工程质量管理和施工组织设计、地面工程施工质量检验和验收、地坪施工质量问题及对策、建筑地坪工程施工安全技术、国内外地坪技术展望及附录。 |
| ● |
| 相关链接 |
|
|
|
正题名:新型地坪材料实用技术手册
索取号:TU235/Y320
 
预约/预借
| 序号 | 登录号 | 条形码 | 馆藏地/架位号 | 状态 | 备注 |
| 1 | 1192699 | 211926996 | 建筑库101/101建筑库 48排1列3层/ [索取号:TU235/Y320] | 在馆 | |
| 2 | 1192700 | 211927003 | 建筑库101/101建筑库 48排1列3层/ [索取号:TU235/Y320] | 在馆 | |
| 3 | 1192701 | 211927012 | 建筑库101/101建筑库 48排1列3层/ [索取号:TU235/Y320] | 在馆 |